Giải phẩu tạo hình
Kaydedildi:
| Yazar: | |
|---|---|
| Materyal Türü: | Kitap |
| Baskı/Yayın Bilgisi: |
H.
Bách Khoa
2005
|
| Etiketler: |
Etiketle
Etiket eklenmemiş, İlk siz ekleyin!
|
| Thư viện lưu trữ: | Trung tâm Học liệu Lê Vũ Hùng, Trường Đại học Đồng Tháp |
|---|
| LEADER | 00528pam a22001698a 4500 | ||
|---|---|---|---|
| 001 | 00038317 | ||
| 005 | 20171026081023.0 | ||
| 008 | 170515s2005 ||||||Viesd | ||
| 041 | 0 | # | |a Vie |
| 082 | 1 | 4 | |a 370.02 |b GI103PH |
| 100 | 1 | # | |a Lương Xuân Nghị |
| 245 | 1 | 0 | |a Giải phẩu tạo hình |c Lương Xuân Nhị |
| 260 | # | # | |a H. |b Bách Khoa |c 2005 |
| 300 | # | # | |a 178tr. |c 20 cm |
| 852 | # | # | |b Kho đọc |j KD.1001402 |
| 910 | |d 15/05/2017 | ||
| 980 | # | # | |a Trung tâm Học liệu Lê Vũ Hùng, Trường Đại học Đồng Tháp |